| 000 | 01091cam a2200373Mi 4500 | ||
|---|---|---|---|
| 001 | 86827 | ||
| 005 | 20230411085616.0 | ||
| 008 | 000214s2000 xxua f 001 0 eng d | ||
| 035 | _a(OCoLC)ocn444293740 | ||
| 040 |
_aSILIS _eppiak _bslv _cSILIS |
||
| 020 | _a0764506463 (broés.) | ||
| 020 | _a9780764506468 (broés.) | ||
| 035 | _a(OCoLC)444293740 | ||
| 044 |
_axxu _cusa |
||
| 050 | 1 | 4 |
_aTR 267 _bK52d 2000 |
| 082 | 0 | 0 | _a778.3 |
| 049 | _aGRAL | ||
| 100 | 1 | _aKing, Julie Adair. | |
| 245 | 0 | 0 |
_aDigital photography for dummies / _cby Julie Adair King. |
| 250 | _a3rd ed. | ||
| 260 |
_aFoster City [etc.] : _bIDG Books Worldwide, _c2000. |
||
| 300 |
_axviii, 336 p. : _bilustr. ; _c24 cm. |
||
| 490 | 1 | _a--For dummies | |
| 504 | _aKazalo. | ||
| 650 | 0 |
_aPhotography _xDigital techniques. |
|
| 650 | 0 | _aDigital cameras. | |
| 650 | 4 |
_aFotografía _xTécnicas digitales |
|
| 650 | 4 | _aFotografía en blanco y negro. | |
| 650 | 4 |
_aFotografía _xDiseño con ayuda de computador. |
|
| 830 | 0 | _a--For dummies. | |
| 942 |
_2lcc _cbk |
||
| 946 | _accruz | ||
| 994 |
_aC0 _bDRFGD |
||
| 999 |
_c104588 _d104588 |
||